Statistics for F1 Points Scored by Nation (2001-2010)

Click here to take the quiz!

General Stats

  • This quiz has been taken 52 times
  • The average score is 99 of 109

Answer Stats

HintAnswer% Correct
2001 | 2002 | 2003 | +5 othersGermany
100%
Spain
100%
Brazil
98%
Great Britain
98%
Italy
98%
France
93%
Japan
93%
Canada
91%
Finland
91%
Australia
89%
Austria
83%
Russia
83%
Netherlands
78%
Poland
78%
Colombia
76%
Portugal
72%
Switzerland
67%
India
54%
Ireland
52%
Hungary
39%

Score Distribution

Percentile by Number Answered

Percent of People with Each Score

Your Score History

You have not taken this quiz